000 00377nam a2200133Ia 4500
008 231017s9999 xx 000 0 und d
082 _a625.85
082 _bPET
245 0 _a"A Review of the Fundamentals of Asphalt Oxidation Chemical, Physicochemical, Physical Property, and Durability Relationships"
245 0 _cTRB
260 _bTRB
300 _c30cm
942 _cREP
999 _c604828
_d604828